LEADER 00639nab a2200145 i 4500 001 000000259970 003 CaOOAMICUS 005 20050217000000.0 008 050217n xx uu u0 0und r 013 $a650 040 $aSeMil$bita 245 10$a[SENZA TITOLO]. - Numero con difetto di impaginazione [3 fascicoli sono stati scompaginati e reincollati nell'esatta successione]. 500 $a2002/1-2. 773 0 $t2002.$dBerlin ; New York : De Gruyter, copyr. 2002.$w()134855 996 $6245$a[SENZA TITOLO]. - Numero con difetto di impaginazione [3 fascicoli sono stati scompaginati e reincollati nell'esatta successione].$9(OLS)http://semarc/title/354893 LEADER 00794nam a2200205 i 4500 001 000000013999 003 CaOOAMICUS 005 20180830125442.0 008 180830s1928 it u000 u ita u 040 $aSeMil$bita 100 1 $aValle, Domenico .$0(OLS)http://semarc/name/6609 245 13$aLa teoria e la pratica dell'educazione /$cDomenico Valle. 260 $aTorino - Roma :$bMarietti 1820,$c1928. 300 $a2 v. ;$c21 cm. 500 $aContiene : Bibliografie. 650 4$aEducazione.$0(OLS)http://semarc/subject/204 774 0 $tPedagogia.$g1$w()141754 774 0 $aValle, Domenico $tDidattica.$g2$w()141755 996 $6245$aLa teoria e la pratica dell'educazione$9(OLS)http://semarc/title/18597 996 $6260$aTorino - Roma :$bMarietti 1820$9(OLS)http://semarc/publisher/33234